[Event "WC-2013-F-00001"]
[Site "LSS email"]
[Date "2013.07.24"]
[Round "?"]
[White "Bubir, Alex"]
[Black "Sassler, Alan"]
[Result "1/2-1/2"]
[WhiteElo "2516"]
[BlackElo "2480"]
[PlyCount "132"]
[EventDate "2013.08.01"]
[EventType "tourn (corr)"]
[EventRounds "10"]
[EventCountry "GER"]
[SourceTitle "Corr 2022"]
[Source "ChessBase"]
[SourceDate "2021.10.24"]
[SourceVersion "1"]
[SourceVersionDate "2021.10.24"]
[SourceQuality "1"]

1. d4 Nf6 2. c4 c5 3. d5 b5 4. cxb5 a6 5. bxa6 e6 6. Nc3 exd5 7. Nxd5 Be7 8. Nxe7 Qxe7 9. Bf4 d5 10. e3 0-0 11. Nf3 h6 12. a3 Nxa6 13. Be2 c4 14. Be5 Nc5 15. Bxf6 Qxf6 16. Qxd5 Qxb2 17. 0-0 Qxe2 18. Qxc5 Bb7 19. Rfe1 Qd3 20. e4 Rfe8 21. Re3 Rac8 22. Qb5 Bc6 23. Qb4 Qd7 24. Rae1 Bb7 25. Qc3 Red8 26. h3 Kh7 27. Rb1 Rc7 28. Rb2 Qe8 29. Rd2 Rxd2 30. Nxd2 Qc6 31. Rg3 f6 32. Qc2 Bc8 33. a4 Bd7 34. Rc3 Be6 35. Nf1 Kh8 36. Ne3 Qc5 37. Qd1 Qe5 38. Rc1 Rc8 39. Qc2 Bf7 40. Kh1 Be6 41. Kg1 Bf7 42. Kh1 Be6 43. Rb1 c3 44. Rc1 Bd7 45. Kg1 Qa5 46. Ra1 Bc6 47. Ra3 Be8 48. Kh1 Bg6 49. Ra1 Qb6 50. a5 Qb2 51. Re1 Qxc2 52. Nxc2 Ra8 53. Re3 Rxa5 54. Rxc3 Bxe4 55. Ne3 f5 56. f3 Bb7 57. Rc7 Bd5 58. Kh2 Be6 59. Nc2 Ra4 60. Rc6 Bb3 61. Ne3 f4 62. Ng4 Kh7 63. h4 Ra5 64. Rb6 Bf7 65. Nf2 Rh5 66. Kh3 g5 1/2-1/2

[Event "WC-2013-F-00001"]
[Site "LSS email"]
[Date "2013.07.24"]
[Round "?"]
[White "Sassler, Alan"]
[Black "Dolgov, Igor"]
[Result "1/2-1/2"]
[WhiteElo "2480"]
[BlackElo "2530"]
[PlyCount "80"]
[EventDate "2013.08.01"]
[EventType "tourn (corr)"]
[EventRounds "10"]
[EventCountry "GER"]
[SourceTitle "Corr 2022"]
[Source "ChessBase"]
[SourceDate "2021.10.24"]
[SourceVersion "1"]
[SourceVersionDate "2021.10.24"]
[SourceQuality "1"]

1. Nf3 d5 2. g3 c6 3. b3 Bg4 4. Bg2 Nd7 5. Bb2 Ngf6 6. d3 e6 7. Nbd2 Bd6 8. h3 Bxf3 9. Nxf3 Ba3 10. Qc1 Bxb2 11. Qxb2 0-0 12. c4 a5 13. 0-0 Qe7 14. Rfd1 h6 15. Rac1 Rfd8 16. a3 Ne8 17. e3 Nef6 18. d4 Ne4 19. Bf1 Nef6 20. Kg2 Rdb8 21. Rc2 Re8 22. b4 axb4 23. axb4 Ra4 24. b5 Rea8 25. Rdc1 Qd8 26. Qb1 g6 27. Rb2 Kg7 28. Bd3 R8a7 29. Qc2 Ra3 30. Qd1 Ra8 31. Rbc2 dxc4 32. Bxc4 c5 33. Ne5 cxd4 34. Qxd4 Nxe5 35. Qxe5 R3a4 36. Qb2 Qd6 37. Be2 Rb4 38. Qc3 Qd5+ 39. Kh2 Rba4 40. Kg1 Ra3 1/2-1/2

[Event "WC-2013-F-00001"]
[Site "LSS email"]
[Date "2013.07.24"]
[Round "?"]
[White "Sassler, Alan"]
[Black "Loinjak, Sinisa"]
[Result "1/2-1/2"]
[WhiteElo "2480"]
[BlackElo "2613"]
[PlyCount "76"]
[EventDate "2013.08.01"]
[EventType "tourn (corr)"]
[EventRounds "10"]
[EventCountry "GER"]
[SourceTitle "Corr 2022"]
[Source "ChessBase"]
[SourceDate "2021.10.24"]
[SourceVersion "1"]
[SourceVersionDate "2021.10.24"]
[SourceQuality "1"]

1. Nf3 Nf6 2. c4 e6 3. b3 c5 4. Bb2 Nc6 5. g3 d5 6. cxd5 exd5 7. Bg2 Bd6 8. d4 cxd4 9. 0-0 0-0 10. Nxd4 Re8 11. Nc3 Nxd4 12. Qxd4 Be5 13. Qd2 Bg4 14. h3 Bf5 15. e3 Ne4 16. Nxe4 dxe4 17. Qxd8 Raxd8 18. Bxe5 Rxe5 19. Rfd1 Rxd1+ 20. Rxd1 g6 21. g4 Be6 22. Kh2 Kg7 23. Kg3 Kf6 24. h4 h6 25. Rd4 Ra5 26. Bxe4 Rxa2 27. Bxb7 Bxb3 28. Bd5 Bxd5 29. Rxd5 Ra3 30. h5 g5 31. Rd6+ Kg7 32. Kf3 Ra2 33. Rd7 a5 34. Ra7 a4 35. Ra6 a3 36. Ra4 Ra1 37. Ke4 Rg1 38. Kf3 Ra1 1/2-1/2

[Event "WC-2013-F-00001"]
[Site "LSS email"]
[Date "2013.07.24"]
[Round "?"]
[White "Sassler, Alan"]
[Black "Percze, Janos"]
[Result "1/2-1/2"]
[WhiteElo "2480"]
[BlackElo "2492"]
[PlyCount "71"]
[EventDate "2013.08.01"]
[EventType "tourn (corr)"]
[EventRounds "10"]
[EventCountry "GER"]
[SourceTitle "Corr 2022"]
[Source "ChessBase"]
[SourceDate "2021.10.24"]
[SourceVersion "1"]
[SourceVersionDate "2021.10.24"]
[SourceQuality "1"]

1. Nf3 Nf6 2. c4 e6 3. b3 c5 4. Bb2 Nc6 5. g3 d5 6. cxd5 exd5 7. Bg2 d4 8. Na3 Be7 9. Nc4 0-0 10. 0-0 Re8 11. e3 Bg4 12. h3 Be6 13. Re1 Nb4 14. Nfe5 dxe3 15. dxe3 Qc7 16. Qe2 Rad8 17. a3 Nbd5 18. Rac1 b5 19. e4 bxc4 20. exd5 Bxd5 21. Bxd5 Nxd5 22. Nxc4 Qd7 23. Ne5 Qf5 24. Qd3 Qc8 25. Qf3 Bf6 26. Kh2 Re6 27. Re2 h6 28. Rce1 Qc7 29. Nd3 Rxe2 30. Rxe2 Bxb2 31. Nxb2 Nf6 32. Rc2 Rd5 33. Nc4 Qd7 34. Kg2 Rf5 35. Qe3 Qb7+ 36. Kh2 1/2-1/2

[Event "WC-2013-F-00001"]
[Site "LSS email"]
[Date "2013.07.24"]
[Round "?"]
[White "Sassler, Alan"]
[Black "Van Seben, Edgar"]
[Result "1/2-1/2"]
[WhiteElo "2480"]
[BlackElo "2510"]
[PlyCount "46"]
[EventDate "2013.08.01"]
[EventType "tourn (corr)"]
[EventRounds "10"]
[EventCountry "GER"]
[SourceTitle "Corr 2022"]
[Source "ChessBase"]
[SourceDate "2021.10.24"]
[SourceVersion "1"]
[SourceVersionDate "2021.10.24"]
[SourceQuality "1"]

1. Nf3 Nf6 2. c4 b6 3. Nc3 Bb7 4. g3 c5 5. Bg2 g6 6. b3 d5 7. e3 Bg7 8. Bb2 0-0 9. 0-0 dxc4 10. bxc4 e6 11. d4 Qe7 12. Qe2 Nc6 13. Rac1 Rfd8 14. dxc5 Qxc5 15. Nb5 Rab8 16. Nfd4 Nxd4 17. exd4 Qh5 18. Qxh5 Nxh5 19. Rfd1 Bxg2 20. Kxg2 Rd7 21. Rd3 a6 22. Na3 Nf6 23. Rb3 Rdd8 1/2-1/2

[Event "WC-2013-T-00002"]
[Site "LSS email"]
[Date "2011.12.24"]
[Round "?"]
[White "Bubir, Alex Nikolaevich"]
[Black "Sassler, Alan"]
[Result "1/2-1/2"]
[WhiteElo "2431"]
[BlackElo "2387"]
[PlyCount "116"]
[EventDate "2011.12.28"]
[EventType "tourn (corr)"]
[EventRounds "12"]
[EventCountry "GER"]
[SourceTitle "Telechess CBM 167"]
[Source "ChessBase"]
[SourceDate "2015.07.13"]
[SourceVersion "1"]
[SourceVersionDate "2015.07.13"]
[SourceQuality "1"]

1. e4 c5 2. Nf3 Nc6 3. d4 cxd4 4. Nxd4 g6 5. c4 Bg7 6. Be3 Qb6 7. Nb3 Qc7 8. Qd2 Nf6 9. Nc3 0-0 10. Be2 b6 11. 0-0 Re8 12. f3 d6 13. Rac1 Bb7 14. Nd4 Rac8 15. Nd5 Qb8 16. Nb5 Nd7 17. Rfd1 Ba8 18. b3 a6 19. Nbc3 e6 20. Nf4 Bf8 21. Nh3 Nce5 22. Nf2 Rcd8 23. Kh1 Bb7 24. f4 Nc6 25. Ng4 f5 26. Nf2 Nc5 27. exf5 gxf5 28. Rb1 Ne7 29. b4 Nd7 30. Nh3 Bg7 31. Kg1 Ng6 32. Rb3 Ba8 33. Ra3 Nf6 34. Na4 Ne4 35. Qc2 b5 36. cxb5 d5 37. bxa6 Qxb4 38. Bc5 Nxc5 39. Qxc5 Qe4 40. Bf3 Qc4 41. Qxc4 dxc4 42. Rxd8 Rxd8 43. Kf1 Bxf3 44. gxf3 Bf8 45. Rc3 Ra8 46. Rxc4 Rxa6 47. Nc3 Bg7 48. Ra4 Rc6 49. Nd1 Bf8 50. Ne3 Bd6 51. Nc4 Nxf4 52. Nxd6 Nxh3 53. Kg2 Rxd6 54. Kxh3 Kf7 55. f4 Kg6 56. Ra3 Rd4 57. Kg3 h5 58. h4 Kf6 1/2-1/2

[Event "WC-2013-T-00002"]
[Site "LSS email"]
[Date "2011.12.24"]
[Round "?"]
[White "Sassler, Alan"]
[Black "Carbonell Bofill, Carlos Eloy"]
[Result "1-0"]
[WhiteElo "2387"]
[BlackElo "2296"]
[PlyCount "103"]
[EventDate "2011.12.28"]
[EventType "tourn (corr)"]
[EventRounds "12"]
[EventCountry "GER"]
[SourceTitle "Telechess CBM 167"]
[Source "ChessBase"]
[SourceDate "2015.07.13"]
[SourceVersion "1"]
[SourceVersionDate "2015.07.13"]
[SourceQuality "1"]

1. d4 e6 2. c4 Nf6 3. Nf3 Be7 4. g3 d5 5. Bg2 0-0 6. 0-0 dxc4 7. Ne5 c5 8. dxc5 Qc7 9. Nxc4 Qxc5 10. b3 Rd8 11. Nbd2 Qc7 12. Bb2 Nc6 13. Rc1 Bd7 14. a3 Rac8 15. b4 Be8 16. e3 b5 17. Na5 Qb6 18. Nab3 a5 19. Bxc6 Bxc6 20. Nxa5 Ba8 21. Qe2 Nd7 22. Rfd1 Rxc1 23. Rxc1 Bf6 24. Bxf6 Nxf6 25. Nf3 Bxf3 26. Qxf3 h6 27. Qe2 Ne4 28. Rc2 Rd5 29. Kg2 Rd6 30. a4 bxa4 31. Nc4 Qxb4 32. Rb2 Qc5 33. Nxd6 Qxd6 34. Qb5 Kh7 35. Qxa4 f5 36. Qa8 Nf6 37. Rc2 Qd3 38. Rc8 Qe2 39. h3 Qd2 40. Rh8+ Kg6 41. Qc6 Kf7 42. Qb7+ Kg6 43. Rf8 Qd5+ 44. Qxd5 Nxd5 45. g4 Nf6 46. gxf5+ exf5 47. h4 Ne4 48. h5+ Kg5 49. Rf7 Nc5 50. Rxg7+ Kxh5 51. Kf3 Kh4 52. Rg1 1-0

[Event "WC-2013-T-00002"]
[Site "LSS email"]
[Date "2011.12.24"]
[Round "?"]
[White "Szabo, Vilmos"]
[Black "Sassler, Alan"]
[Result "1/2-1/2"]
[WhiteElo "2311"]
[BlackElo "2387"]
[PlyCount "77"]
[EventDate "2011.12.28"]
[EventType "tourn (corr)"]
[EventRounds "12"]
[EventCountry "GER"]
[SourceTitle "Telechess CBM 167"]
[Source "ChessBase"]
[SourceDate "2015.07.13"]
[SourceVersion "1"]
[SourceVersionDate "2015.07.13"]
[SourceQuality "1"]

1. d4 f5 2. g3 Nf6 3. Bg2 d5 4. Nf3 e6 5. c4 Bd6 6. 0-0 c6 7. Nc3 0-0 8. Qc2 Ne4 9. Nxe4 dxe4 10. Bg5 Be7 11. Bxe7 Qxe7 12. Ne5 c5 13. e3 Nd7 14. Rad1 cxd4 15. exd4 b6 16. Nxd7 Bxd7 17. f3 exf3 18. Bxf3 Rac8 19. Rfe1 f4 20. Be4 h6 21. Qc3 Qg5 22. b3 Bc6 23. Bxc6 Rxc6 24. Re5 Qg4 25. Rf1 fxg3 26. Rxf8+ Kxf8 27. h3 Qh4 28. Kg2 Rd6 29. Qf3+ Kg8 30. Re4 Qg5 31. Qf4 Qg6 32. h4 Rd8 33. Qe3 Rf8 34. Rxe6 Qg4 35. Re4 Qg6 36. Re6 Qg4 37. Re4 Qg6 38. Rf4 Re8 39. Qd2 1/2-1/2

[Event "LSS WC-2013-S-00003"]
[Site "LSS email"]
[Date "2010.07.20"]
[Round "?"]
[White "Sassler, Alan"]
[Black "Kriksciunas, Bronislavas"]
[Result "1-0"]
[WhiteElo "2329"]
[BlackElo "2186"]
[PlyCount "75"]
[EventDate "2010.07.25"]
[EventType "tourn (corr)"]
[EventRounds "10"]
[EventCountry "GER"]
[SourceTitle "Telechess CBM 149"]
[Source "ChessBase"]
[SourceDate "2012.07.17"]
[SourceVersion "1"]
[SourceVersionDate "2012.07.17"]
[SourceQuality "1"]

1. b3 e5 2. Bb2 Nc6 3. Nf3 e4 4. Nd4 Nxd4 5. Bxd4 d5 6. e3 Ne7 7. Bb2 Nc6 8. d4 Qg5 9. a3 Bg4 10. Qd2 0-0-0 11. c4 dxc4 12. h3 Be6 13. bxc4 Ne5 14. d5 f6 15. Nc3 Bf5 16. Nb5 c6 17. Nxa7+ Kc7 18. Bd4 Kd7 19. Bxe5 fxe5 20. dxc6+ Ke8 21. Qa5 bxc6 22. Nxc6 Bd6 23. Rd1 Kf7 24. c5 Be7 25. Bc4+ Be6 26. Nxd8+ Bxd8 27. Bxe6+ Kxe6 28. Qa6+ Kf7 29. Qc4+ Kg6 30. Rd6+ Bf6 31. g4 Rb8 32. c6 h5 33. Qxe4+ Kf7 34. c7 Rc8 35. Qb7 Rxc7 36. Qxc7+ Kg8 37. Qc8+ Kh7 38. Rxf6 1-0

[Event "LSS CP-2006-Q-00005"]
[Site "LSS email"]
[Date "2008.01.15"]
[Round "?"]
[White "Neytusch, Eduard"]
[Black "Sassler, Alan"]
[Result "1/2-1/2"]
[WhiteElo "1634"]
[BlackElo "2213"]
[PlyCount "94"]
[EventDate "2008.01.15"]
[EventType "tourn (corr)"]
[EventRounds "6"]
[EventCountry "GER"]
[SourceTitle "Corr 2011"]
[Source "ChessBase"]
[SourceDate "2010.08.31"]
[SourceVersion "1"]
[SourceVersionDate "2010.08.31"]
[SourceQuality "1"]

1. c4 f5 2. Nf3 Nf6 3. g3 e6 4. Bg2 d5 5. d4 Bd6 6. 0-0 0-0 7. b3 Ne4 8. Bb2 b6 9. cxd5 exd5 10. Nc3 Bb7 11. Ne5 Nd7 12. Rc1 Nxe5 13. Nxe4 fxe4 14. dxe5 Bc5 15. b4 Bxb4 16. Qb3 Qe7 17. Bxe4 Rad8 18. Rcd1 Qf7 19. Bg2 Bc5 20. Bd4 Be7 21. f4 Ba6 22. Rf2 Bc4 23. Qa4 c5 24. Bb2 d4 25. Qxa7 Bxa2 26. Rd2 Bd5 27. Qxb6 Bxg2 28. Kxg2 Qd5+ 29. Rf3 g5 30. e4 Qxe4 31. Qe6+ Rf7 32. Rdf2 gxf4 33. Rf1 Bf6 34. gxf4 Rdf8 35. f5 Bxe5 36. Kh3 Kh8 37. f6 Rg8 38. Rg3 Rff8 39. Bc1 Rxg3+ 40. hxg3 Qd3 41. Rg1 Bxf6 42. Bh6 Bg7 43. Bxg7+ Kxg7 44. Qe7+ Rf7 45. Qxc5 Kg6 46. Re1 Qf5+ 47. Qxf5+ Kxf5 1/2-1/2

[Event "LSS CP-2006-Q-00005"]
[Site "LSS email"]
[Date "2008.01.15"]
[Round "?"]
[White "Sassler, Alan"]
[Black "Mantovanelli, Marco"]
[Result "1/2-1/2"]
[WhiteElo "2213"]
[BlackElo "2470"]
[PlyCount "82"]
[EventDate "2008.01.15"]
[EventType "tourn (corr)"]
[EventRounds "6"]
[EventCountry "GER"]
[SourceTitle "Corr 2011"]
[Source "ChessBase"]
[SourceDate "2010.08.31"]
[SourceVersion "1"]
[SourceVersionDate "2010.08.31"]
[SourceQuality "1"]

1. b3 d5 2. Bb2 Nf6 3. g3 c5 4. Bg2 g6 5. Nf3 Bg7 6. d3 0-0 7. 0-0 d4 8. b4 Qb6 9. a3 Rd8 10. Nbd2 Nd5 11. Nc4 Qc7 12. bxc5 Qxc5 13. a4 Nc6 14. Rb1 Ncb4 15. Qe1 Nxc2 16. Qd2 Ncb4 17. a5 Na6 18. Rbc1 Rb8 19. Rfe1 Bf5 20. h4 h5 21. Nce5 Qb4 22. Bxd4 Qxd2 23. Nxd2 Ndb4 24. Bb2 f6 25. Nec4 Bxd3 26. exd3 Nxd3 27. Ba3 Bf8 28. Bf1 Nxc1 29. Rxc1 Rbc8 30. Rb1 Rc7 31. Bg2 Rdd7 32. Bh3 Rd8 33. Be6+ Kh7 34. Rb5 Bh6 35. f4 Rd3 36. Kf2 f5 37. Nf1 Bg7 38. Nfe3 Rd8 39. Ke2 Bd4 40. Bd5 Rdd7 41. Bb2 Bxe3 1/2-1/2

[Event "IECG CP.2006.P.00043 email"]
[Site "IECG email"]
[Date "2006.10.01"]
[Round "?"]
[White "Do Amaral, Rogerio"]
[Black "Sassler, Alan"]
[Result "1/2-1/2"]
[WhiteElo "2221"]
[BlackElo "2234"]
[PlyCount "64"]
[EventDate "2006.10.01"]
[EventType "tourn (corr)"]
[EventRounds "6"]
[SourceTitle "Corr 2022"]
[Source "ChessBase"]
[SourceDate "2021.10.24"]
[SourceVersion "1"]
[SourceVersionDate "2021.10.24"]
[SourceQuality "1"]

1. e4 c5 2. Nf3 Nc6 3. d4 cxd4 4. Nxd4 g6 5. Nc3 Bg7 6. Be3 Nf6 7. Bc4 d6 8. h3 0-0 9. 0-0 Nxe4 10. Nxe4 d5 11. Nxc6 bxc6 12. Bd3 dxe4 13. Bxe4 Qc7 14. Qf3 Rb8 15. Rab1 Rxb2 16. Rxb2 Bxb2 17. Bxc6 Rd8 18. c4 Be6 19. Rb1 Be5 20. Rc1 Qa5 21. Qe2 Rc8 22. Bb5 a6 23. Bd2 Qxa2 24. Bxa6 Rc5 25. Bb5 Bf4 26. Rd1 Qc2 27. Ba4 Qxc4 28. Qxc4 Rxc4 29. Bb3 Rd4 30. Bxf4 Rxf4 31. Bxe6 fxe6 32. g3 Ra4 1/2-1/2

[Event "CFriend AP-2005-Q-00013 email"]
[Site "Chessfriend.com"]
[Date "2005.07.11"]
[Round "1"]
[White "Sassler, Alan"]
[Black "Berthold, Andreas"]
[Result "1-0"]
[WhiteElo "1750"]
[BlackElo "2115"]
[PlyCount "107"]
[EventDate "2005.??.??"]
[EventType "tourn (corr)"]
[EventRounds "12"]
[SourceTitle "Corr 2024"]
[Source "ChessBase"]
[SourceDate "2023.10.19"]
[SourceVersion "1"]
[SourceVersionDate "2023.10.19"]
[SourceQuality "1"]

1. b3 e5 2. Bb2 Nc6 3. e3 Nf6 4. Nf3 e4 5. Nd4 Nxd4 6. Bxd4 d5 7. c4 Be7 8. Nc3 c5 9. Bxf6 Bxf6 10. cxd5 0-0 11. Rc1 Bf5 12. Qc2 Qe7 13. d6 Qxd6 14. Nxe4 Bxe4 15. Qxe4 Rad8 16. Rc2 Rfe8 17. Qc4 b6 18. Be2 Be5 19. f4 Bf6 20. Bf3 Bh4+ 21. g3 Bf6 22. 0-0 Re6 23. Kh1 a5 24. Re1 Qd7 25. e4 Qc6 26. Qe2 Bd4 27. e5 Qe8 28. Qg2 Kh8 29. d3 Qe7 30. Bd5 Rh6 31. Qe4 Qd7 32. e6 fxe6 33. Bxe6 Qc7 34. Bc4 Qb8 35. Qg2 b5 36. Bf7 Rf6 37. Re7 Rf8 38. Bd5 a4 39. Qe4 axb3 40. axb3 Qc8 41. Ra2 Qg4 42. Qf3 Qxf3+ 43. Bxf3 Rd6 44. Be4 Rb8 45. Kg2 Kg8 46. Kf3 h6 47. Kg4 Kf8 48. Rc7 Rdd8 49. Bf5 Re8 50. Bg6 Re7 51. Raa7 Rxc7 52. Rxc7 b4 53. h4 Rd8 54. h5 1-0

[Event "CFriend AP-2005-Q-00013 email"]
[Site "Chessfriend.com"]
[Date "2005.07.11"]
[Round "1"]
[White "Sassler, Alan"]
[Black "Pogrzeba, Guenther"]
[Result "1-0"]
[WhiteElo "1750"]
[BlackElo "1882"]
[PlyCount "87"]
[EventDate "2005.??.??"]
[EventType "tourn (corr)"]
[EventRounds "12"]
[SourceTitle "Corr 2024"]
[Source "ChessBase"]
[SourceDate "2023.10.19"]
[SourceVersion "1"]
[SourceVersionDate "2023.10.19"]
[SourceQuality "1"]

1. b3 e5 2. Bb2 Nc6 3. e3 Nf6 4. Nf3 e4 5. Nd4 Nxd4 6. Bxd4 d5 7. c4 Be7 8. Nc3 c5 9. Bxf6 Bxf6 10. cxd5 0-0 11. Rc1 Bf5 12. Qc2 Bxc3 13. Qxc3 Qxd5 14. Qxc5 Qe6 15. Qb4 b6 16. Be2 Qg6 17. g3 Bh3 18. f4 Rad8 19. Rg1 Rd7 20. g4 Rfd8 21. Rg3 Qh6 22. Rc2 f5 23. g5 Qh4 24. Bb5 Bg4 25. Bxd7 Qxh2 26. Qc4+ Kf8 27. Rxg4 fxg4 28. Qb4+ Kg8 29. Qxe4 Qg1+ 30. Ke2 Qh2+ 31. Kd3 Rxd7+ 32. Kc3 Qh5 33. Qe6+ Qf7 34. Qxg4 Qe8 35. Kb2 Rd8 36. f5 Qe5+ 37. Kb1 Kh8 38. Qf3 g6 39. fxg6 hxg6 40. d4 Qxg5 41. Rh2+ Kg8 42. Rg2 Qh6 43. Qc6 Rd6 44. Qc4+ 1-0